| 000 | 00740nas a2200217 a 4500 | ||
|---|---|---|---|
| 999 |
_c20176 _d20176 |
||
| 005 | 20180511073723.0 | ||
| 008 | 180511n ck uu|p|r|||| 00| 0 spa d | ||
| 040 |
_aCO-BoIAVH _cCO-BoIAVH |
||
| 041 | 0 | _aspa | |
| 044 | _ack | ||
| 090 | _aSE | ||
| 245 | 0 | 0 |
_aEcos : _bla revista |
| 260 |
_aYopal (Casanare, Colombia) : _bAsociación de Becarios del Casanare, _c[s.f.]. |
||
| 300 |
_bilustraciones y fotografías a color ; _c28 cm. |
||
| 310 | _au | ||
| 650 | 2 | 6 |
_aMedio ambiente _vPublicaciones periódicas |
| 650 | 2 | 6 |
_aEducación ambiental _v Publicaciones periódicas |
| 651 | 4 |
_aCasanare (Colombia) _vPublicaciones periódicas |
|
| 710 | 2 | _aAsociación de Becarios del Casanare | |
| 942 |
_2z _cREVISTA |
||